[Event "ODJM A 2024"]
[Site "Willingen GER"]
[Date "2024.05.23"]
[Round "7"]
[White "Wübker, Paul-Luca"]
[Black "Uhlmann, Tim"]
[Result "1-0"]
[Termination "normal"]
[Board "1"]
[WhiteElo "2267"]
[BlackElo "1920"]
[WhiteClock "00:34:47"]
[BlackClock "00:11:34"]
[PlyCount "85"]
[WhiteFideId "12939528"]
[BlackFideId "16239210"]
[EventCountry "GER"]
[EventRounds "9"]
[EventType "swiss"]
[EventDate "2024.05.18"]

1. d4 {[%clk 01:30:58]} {[%emt 00:00:01]} d5 {[%clk 01:30:33]} {[%emt
00:00:43]} 2. c4 {[%clk 01:31:22]} {[%emt 00:00:03]} e6 {[%clk 01:30:59]}
{[%emt 00:00:08]} 3. Nc3 {[%clk 01:31:44]} {[%emt 00:00:06]} c6 {[%clk
01:31:21]} {[%emt 00:00:04]} 4. e3 {[%clk 01:31:35]} {[%emt 00:00:28]} Nf6
{[%clk 01:31:31]} {[%emt 00:00:17]} 5. Nf3 {[%clk 01:31:59]} {[%emt 00:00:06]}
a6 {[%clk 01:31:22]} {[%emt 00:00:39]} 6. Qc2 {[%clk 01:29:42]} {[%emt
00:02:47]} b5 {[%clk 01:30:40]} {[%emt 00:01:12]} 7. b3 {[%clk 01:26:20]}
{[%emt 00:03:53]} Nbd7 {[%clk 01:26:03]} {[%emt 00:05:06]} 8. Bb2 {[%clk
01:26:36]} {[%emt 00:00:13]} Be7 {[%clk 01:18:10]} {[%emt 00:08:23]} 9. Rd1
{[%clk 01:26:58]} {[%emt 00:00:08]} O-O {[%clk 01:16:00]} {[%emt 00:02:40]} 10.
Be2 {[%clk 01:24:54]} {[%emt 00:02:34]} b4 {[%clk 01:13:09]} {[%emt 00:03:21]}
11. Na4 {[%clk 01:24:42]} {[%emt 00:00:42]} Ne4 {[%clk 01:12:56]} {[%emt
00:00:43]} 12. O-O {[%clk 01:24:39]} {[%emt 00:00:32]} f5 {[%clk 01:12:54]}
{[%emt 00:00:32]} 13. cxd5 {[%clk 01:18:26]} {[%emt 00:06:43]} cxd5 {[%clk
01:13:02]} {[%emt 00:00:23]} 14. Qc6 {[%clk 01:18:50]} {[%emt 00:00:06]} Rb8
{[%clk 01:11:20]} {[%emt 00:02:11]} 15. Qxe6+ {[%clk 01:15:44]} {[%emt
00:03:36]} Kh8 {[%clk 01:11:27]} {[%emt 00:00:23]} 16. Qxd5 {[%clk 01:15:51]}
{[%emt 00:00:24]} Bb7 {[%clk 01:08:45]} {[%emt 00:03:13]} 17. Qc4 {[%clk
01:16:13]} {[%emt 00:00:08]} Rc8 {[%clk 01:08:04]} {[%emt 00:01:11]} 18. Qd3
{[%clk 01:16:34]} {[%emt 00:00:09]} Bc6 {[%clk 01:03:33]} {[%emt 00:05:01]} 19.
Rc1 {[%clk 01:15:08]} {[%emt 00:01:56]} Rf6 {[%emt 00:29:11]} 20. Qc2 {[%emt
00:03:36]} Rg6 {[%emt 00:00:57]} 21. d5 {[%emt 00:00:31]} Bb7 {[%emt 00:00:37]}
22. Qd3 {[%emt 00:08:53]} Rxc1 {[%emt 00:00:42]} 23. Rxc1 {[%emt 00:00:54]} Rd6
{[%emt 00:01:55]} 24. Qd4 {[%emt 00:10:02]} Qf8 {[%clk 00:34:05]} {[%emt
00:00:02]} 25. Qxb4 {[%clk 00:51:29]} {[%emt 00:01:47]} Bxd5 {[%clk 00:34:19]}
{[%emt 00:00:17]} 26. Qa5 {[%clk 00:49:01]} {[%emt 00:02:58]} Bd8 {[%clk
00:32:21]} {[%emt 00:02:28]} 27. Qe1 {[%clk 00:49:19]} {[%emt 00:00:11]} Rg6
{[%clk 00:31:12]} {[%emt 00:01:38]} 28. Qd1 {[%clk 00:47:51]} {[%emt 00:01:58]}
Qg8 {[%emt 00:08:03]} 29. Rc8 {[%emt 00:09:17]} Ndf6 {[%clk 00:18:26]} {[%emt
00:00:02]} 30. Bc4 {[%clk 00:40:32]} {[%emt 00:04:44]} Nxf2 {[%clk 00:14:26]}
{[%emt 00:04:31]} 31. Bxd5 {[%clk 00:33:32]} {[%emt 00:07:30]} Nxd5 {[%clk
00:12:51]} {[%emt 00:02:05]} 32. Kxf2 {[%clk 00:32:15]} {[%emt 00:01:47]} Rxg2+
{[%clk 00:13:04]} {[%emt 00:00:17]} 33. Kxg2 {[%clk 00:32:38]} {[%emt
00:00:06]} Nxe3+ {[%clk 00:13:12]} {[%emt 00:00:22]} 34. Kg1 {[%clk 00:33:04]}
{[%emt 00:00:05]} Nxd1 {[%clk 00:13:30]} {[%emt 00:00:12]} 35. Ne5 {[%clk
00:33:29]} {[%emt 00:00:04]} Nxb2 {[%clk 00:11:36]} {[%emt 00:02:24]} 36. Nf7+
{[%clk 00:33:51]} {[%emt 00:00:07]} Qxf7 {[%clk 00:11:58]} {[%emt 00:00:09]}
37. Rxd8+ {[%clk 00:34:17]} {[%emt 00:00:04]} Qg8 {[%clk 00:12:19]} {[%emt
00:00:08]} 38. Rxg8+ {[%clk 00:34:42]} {[%emt 00:00:05]} Kxg8 {[%clk 00:12:38]}
{[%emt 00:00:11]} 39. Nxb2 {[%clk 00:35:08]} {[%emt 00:00:05]} Kf7 {[%clk
00:12:14]} {[%emt 00:00:54]} 40. Nd3 {[%clk 00:35:14]} {[%emt 00:00:24]} Ke7
{[%clk 00:11:41]} {[%emt 00:01:03]} 41. Nc5 {[%clk 00:35:35]} {[%emt 00:00:09]}
a5 {[%clk 00:12:07]} {[%emt 00:00:04]} 42. a4 {[%clk 00:36:00]} {[%emt
00:00:05]} Kd6 {[%clk 00:11:34]} {[%emt 00:01:03]} 43. Nb7+ {[%clk 00:34:47]}
{[%emt 00:01:43]} 1-0

[Event "ODJM A 2024"]
[Site "Willingen GER"]
[Date "2024.05.23"]
[Round "7"]
[White "Kruse, Victor"]
[Black "Kamp, Adrian"]
[Result "1/2-1/2"]
[Termination "normal"]
[Board "2"]
[WhiteElo "2030"]
[BlackElo "2098"]
[WhiteClock "00:02:01"]
[BlackClock "00:16:07"]
[PlyCount "161"]
[WhiteFideId "16256964"]
[BlackFideId "16222466"]
[EventCountry "GER"]
[EventRounds "9"]
[EventType "swiss"]
[EventDate "2024.05.18"]

1. d4 {[%clk 01:30:54]} {[%emt 00:00:08]} Nf6 {[%clk 01:30:46]} {[%emt
00:00:30]} 2. c4 {[%clk 01:31:17]} {[%emt 00:00:07]} g6 {[%clk 01:30:55]}
{[%emt 00:00:20]} 3. Nc3 {[%clk 01:31:42]} {[%emt 00:00:03]} d5 {[%clk
01:31:12]} {[%emt 00:00:15]} 4. Nf3 {[%clk 01:32:06]} {[%emt 00:00:03]} Bg7
{[%clk 01:31:36]} {[%emt 00:00:02]} 5. Qb3 {[%clk 01:32:31]} {[%emt 00:00:04]}
dxc4 {[%clk 01:31:44]} {[%emt 00:00:11]} 6. Qxc4 {[%clk 01:32:54]} {[%emt
00:00:08]} O-O {[%clk 01:31:48]} {[%emt 00:00:26]} 7. e4 {[%clk 01:33:20]}
{[%emt 00:00:04]} a6 {[%clk 01:32:05]} {[%emt 00:00:13]} 8. Be2 {[%clk
01:33:44]} {[%emt 00:00:06]} b5 {[%clk 01:31:42]} {[%emt 00:00:53]} 9. Qb3
{[%clk 01:34:04]} {[%emt 00:00:10]} c5 {[%clk 01:28:51]} {[%emt 00:03:21]} 10.
dxc5 {[%clk 01:34:25]} {[%emt 00:00:09]} Bb7 {[%clk 01:25:24]} {[%emt
00:03:57]} 11. e5 {[%clk 01:33:50]} {[%emt 00:01:05]} Nfd7 {[%clk 01:24:02]}
{[%emt 00:01:52]} 12. Be3 {[%clk 01:33:50]} {[%emt 00:00:30]} Nxe5 {[%clk
01:22:49]} {[%emt 00:01:43]} 13. Nxe5 {[%clk 01:33:29]} {[%emt 00:00:52]} Bxe5
{[%clk 01:23:01]} {[%emt 00:00:18]} 14. O-O {[%clk 01:33:48]} {[%emt 00:00:11]}
Qc7 {[%clk 01:16:30]} {[%emt 00:07:02]} 15. h3 {[%clk 01:32:42]} {[%emt
00:01:35]} Rd8 {[%clk 01:12:37]} {[%emt 00:04:23]} 16. a4 {[%clk 01:28:46]}
{[%emt 00:04:26]} bxa4 {[%clk 01:06:32]} {[%emt 00:06:35]} 17. Nxa4 {[%clk
01:27:39]} {[%emt 00:01:38]} Nd7 {[%clk 01:01:11]} {[%emt 00:05:51]} 18. Rfc1
{[%clk 01:25:48]} {[%emt 00:02:21]} Bc6 {[%clk 00:59:56]} {[%emt 00:01:44]} 19.
Nb6 {[%clk 01:09:46]} {[%emt 00:16:32]} Qb7 {[%clk 00:53:35]} {[%emt 00:06:51]}
20. Bc4 {[%clk 01:09:40]} {[%emt 00:00:35]} Nxb6 {[%clk 00:53:58]} {[%emt
00:00:08]} 21. Bxf7+ {[%clk 01:02:35]} {[%emt 00:07:35]} Kg7 {[%clk 00:53:40]}
{[%emt 00:00:47]} 22. cxb6 {[%clk 00:58:57]} {[%emt 00:04:09]} Bxg2 {[%clk
00:50:11]} {[%emt 00:03:59]} 23. Rc7 {[%clk 00:55:21]} {[%emt 00:04:06]} Bxc7
{[%clk 00:45:59]} {[%emt 00:04:41]} 24. bxc7 {[%clk 00:55:38]} {[%emt
00:00:12]} Rd6 {[%clk 00:46:22]} {[%emt 00:00:07]} 25. Bc4 {[%clk 00:39:33]}
{[%emt 00:16:35]} Qxb3 {[%clk 00:36:45]} {[%emt 00:10:08]} 26. Bxb3 {[%clk
00:39:58]} {[%emt 00:00:05]} Bxh3 {[%clk 00:37:03]} {[%emt 00:00:11]} 27. Bf4
{[%clk 00:38:57]} {[%emt 00:01:32]} Rb6 {[%clk 00:35:00]} {[%emt 00:02:33]} 28.
Be5+ {[%clk 00:39:17]} {[%emt 00:00:09]} Kh6 {[%clk 00:34:11]} {[%emt
00:01:19]} 29. Bd5 {[%clk 00:34:51]} {[%emt 00:04:56]} Rc8 {[%clk 00:31:29]}
{[%emt 00:03:12]} 30. Ra4 {[%clk 00:34:14]} {[%emt 00:01:07]} g5 {[%clk
00:26:46]} {[%emt 00:05:13]} 31. Bc4 {[%clk 00:28:04]} {[%emt 00:06:40]} Ra8
{[%clk 00:22:52]} {[%emt 00:04:24]} 32. b4 {[%clk 00:28:17]} {[%emt 00:00:18]}
Bd7 {[%clk 00:16:34]} {[%emt 00:06:48]} 33. b5 {[%clk 00:28:13]} {[%emt
00:00:33]} a5 {[%clk 00:16:59]} {[%emt 00:00:05]} 34. Bd4 {[%clk 00:24:34]}
{[%emt 00:04:08]} Rd6 {[%clk 00:14:08]} {[%emt 00:03:21]} 35. Be2 {[%clk
00:14:48]} {[%emt 00:10:16]} Rc8 {[%clk 00:04:25]} {[%emt 00:10:13]} 36. b6
{[%clk 00:11:22]} {[%emt 00:03:56]} Rxb6 {[%clk 00:04:04]} {[%emt 00:00:51]}
37. Bxb6 {[%clk 00:11:46]} {[%emt 00:00:06]} Bxa4 {[%clk 00:04:27]} {[%emt
00:00:07]} 38. Bg4 {[%clk 00:12:11]} {[%emt 00:00:04]} Rxc7 {[%clk 00:04:32]}
{[%emt 00:00:27]} 39. Bxc7 {[%clk 00:12:37]} {[%emt 00:00:03]} Kg6 {[%clk
00:04:45]} {[%emt 00:00:17]} 40. Bxa5 {[%clk 00:12:44]} {[%emt 00:00:23]} Bb3
{[%clk 00:04:18]} {[%emt 00:00:57]} 41. Bd7 {[%clk 00:12:52]} {[%emt 00:00:19]}
Kf6 {[%clk 00:00:40]} {[%emt 00:04:12]} 42. Bc3+ {[%clk 00:12:43]} {[%emt
00:00:39]} e5 {[%clk 00:00:33]} {[%emt 00:00:37]} 43. Ba5 {[%clk 00:10:55]}
{[%emt 00:02:18]} Ke7 {[%clk 00:29:18]} {[%emt 00:01:45]} 44. Bg4 {[%clk
00:37:45]} {[%emt 00:03:39]} h6 {[%clk 00:28:06]} {[%emt 00:01:42]} 45. Bh5
{[%clk 00:37:29]} {[%emt 00:00:47]} Bc2 {[%clk 00:27:18]} {[%emt 00:01:18]} 46.
Kg2 {[%clk 00:37:39]} {[%emt 00:00:18]} Kf6 {[%clk 00:26:02]} {[%emt 00:01:48]}
47. Kg3 {[%clk 00:37:26]} {[%emt 00:00:42]} Bf5 {[%clk 00:25:47]} {[%emt
00:00:46]} 48. Bb4 {[%clk 00:37:07]} {[%emt 00:00:48]} Kg7 {[%clk 00:25:13]}
{[%emt 00:01:05]} 49. Bd6 {[%clk 00:36:47]} {[%emt 00:00:50]} e4 {[%clk
00:25:25]} {[%emt 00:00:18]} 50. Be5+ {[%clk 00:36:40]} {[%emt 00:00:37]} Kh7
{[%clk 00:23:35]} {[%emt 00:02:20]} 51. Bd4 {[%clk 00:36:35]} {[%emt 00:00:35]}
Be6 {[%clk 00:23:31]} {[%emt 00:00:34]} 52. Be8 {[%clk 00:35:50]} {[%emt
00:01:14]} Bf5 {[%clk 00:23:18]} {[%emt 00:00:44]} 53. Kg2 {[%clk 00:31:34]}
{[%emt 00:04:46]} Bg6 {[%clk 00:21:29]} {[%emt 00:02:19]} 54. Bc6 {[%clk
00:27:50]} {[%emt 00:04:14]} h5 {[%clk 00:21:01]} {[%emt 00:00:58]} 55. Be3
{[%clk 00:28:09]} {[%emt 00:00:11]} Kh6 {[%clk 00:21:17]} {[%emt 00:00:14]} 56.
Bd2 {[%clk 00:27:19]} {[%emt 00:01:19]} h4 {[%clk 00:19:30]} {[%emt 00:02:18]}
57. Bd7 {[%clk 00:27:24]} {[%emt 00:00:24]} Bh5 {[%clk 00:19:09]} {[%emt
00:00:51]} 58. Bf5 {[%clk 00:15:38]} {[%emt 00:12:15]} Bf3+ {[%clk 00:19:21]}
{[%emt 00:00:20]} 59. Kh2 {[%clk 00:13:19]} {[%emt 00:02:48]} Kh5 {[%clk
00:19:12]} {[%emt 00:00:39]} 60. Bd7 {[%clk 00:13:03]} {[%emt 00:00:46]} Kg6
{[%clk 00:18:50]} {[%emt 00:00:52]} 61. Kh3 {[%clk 00:12:40]} {[%emt 00:00:53]}
Be2 {[%clk 00:18:40]} {[%emt 00:00:40]} 62. Bg4 {[%clk 00:11:46]} {[%emt
00:01:24]} Bf1+ {[%clk 00:18:53]} {[%emt 00:00:16]} 63. Kh2 {[%clk 00:12:12]}
{[%emt 00:00:05]} Bd3 {[%clk 00:18:37]} {[%emt 00:00:47]} 64. Bc3 {[%clk
00:12:26]} {[%emt 00:00:16]} Bc4 {[%clk 00:18:39]} {[%emt 00:00:27]} 65. Ba5
{[%clk 00:11:48]} {[%emt 00:01:08]} Bb5 {[%clk 00:18:41]} {[%emt 00:00:29]} 66.
Bd8 {[%clk 00:12:03]} {[%emt 00:00:15]} Bc4 {[%clk 00:18:26]} {[%emt 00:00:45]}
67. Kg1 {[%clk 00:08:32]} {[%emt 00:04:00]} Bd3 {[%clk 00:17:46]} {[%emt
00:01:10]} 68. Be7 {[%clk 00:08:23]} {[%emt 00:00:39]} Bc4 {[%clk 00:17:40]}
{[%emt 00:00:36]} 69. Bd8 {[%clk 00:04:58]} {[%emt 00:03:56]} Bd3 {[%clk
00:17:57]} {[%emt 00:00:13]} 70. Kh2 {[%clk 00:03:02]} {[%emt 00:02:25]} Bf1
{[%clk 00:17:51]} {[%emt 00:00:35]} 71. Bb6 {[%clk 00:02:20]} {[%emt 00:01:13]}
Bd3 {[%clk 00:18:00]} {[%emt 00:00:21]} 72. Bd1 {[%clk 00:02:25]} {[%emt
00:00:25]} Kf5 {[%clk 00:18:07]} {[%emt 00:00:23]} 73. Bd8 {[%clk 00:02:17]}
{[%emt 00:00:38]} Bc4 {[%clk 00:17:22]} {[%emt 00:01:15]} 74. Ba4 {[%clk
00:02:22]} {[%emt 00:00:25]} Be2 {[%clk 00:17:06]} {[%emt 00:00:47]} 75. Bd7+
{[%clk 00:01:34]} {[%emt 00:01:17]} Kg6 {[%clk 00:17:18]} {[%emt 00:00:18]} 76.
Kg1 {[%clk 00:01:29]} {[%emt 00:00:35]} Bd3 {[%clk 00:17:08]} {[%emt 00:00:40]}
77. Bh3 {[%clk 00:01:34]} {[%emt 00:00:25]} Be2 {[%clk 00:16:05]} {[%emt
00:01:33]} 78. Bf1 {[%clk 00:01:44]} {[%emt 00:00:21]} Bxf1 {[%clk 00:15:19]}
{[%emt 00:01:16]} 79. Kxf1 {[%clk 00:02:08]} {[%emt 00:00:05]} Kh5 {[%clk
00:15:44]} {[%emt 00:00:05]} 80. Kg2 {[%clk 00:01:58]} {[%emt 00:00:40]} g4
{[%clk 00:16:07]} {[%emt 00:00:07]} 81. Bb6 {[%clk 00:02:01]} {[%emt 00:00:27]}
1/2-1/2

[Event "ODJM A 2024"]
[Site "Willingen GER"]
[Date "2024.05.23"]
[Round "7"]
[White "Weigand, Anton"]
[Black "Vollbehr, Bjarne"]
[Result "1-0"]
[Termination "normal"]
[Board "3"]
[WhiteElo "2091"]
[BlackElo "1927"]
[WhiteClock "00:57:07"]
[BlackClock "00:20:22"]
[PlyCount "37"]
[WhiteFideId "16221915"]
[BlackFideId "34606025"]
[EventCountry "GER"]
[EventRounds "9"]
[EventType "swiss"]
[EventDate "2024.05.18"]

1. e4 {[%clk 01:30:55]} {[%emt 00:00:06]} e5 {[%clk 01:30:51]} {[%emt
00:00:18]} 2. Nf3 {[%clk 01:31:21]} {[%emt 00:00:10]} Nc6 {[%clk 01:31:15]}
{[%emt 00:00:09]} 3. Bb5 {[%clk 01:31:41]} {[%emt 00:00:07]} a6 {[%clk
01:31:39]} {[%emt 00:00:08]} 4. Ba4 {[%clk 01:32:07]} {[%emt 00:00:04]} Nf6
{[%clk 01:32:03]} {[%emt 00:00:05]} 5. Nc3 {[%clk 01:32:30]} {[%emt 00:00:03]}
b5 {[%clk 01:31:38]} {[%emt 00:00:41]} 6. Bb3 {[%clk 01:32:54]} {[%emt
00:00:05]} Bc5 {[%clk 01:31:11]} {[%emt 00:00:57]} 7. a4 {[%clk 01:32:42]}
{[%emt 00:00:41]} Rb8 {[%clk 01:28:40]} {[%emt 00:03:02]} 8. Nxe5 {[%clk
01:31:15]} {[%emt 00:01:57]} Bxf2+ {[%clk 01:26:19]} {[%emt 00:02:51]} 9. Kxf2
{[%clk 01:31:29]} {[%emt 00:00:15]} Nxe5 {[%clk 01:26:30]} {[%emt 00:00:20]}
10. d4 {[%clk 01:31:20]} {[%emt 00:00:38]} Neg4+ {[%clk 01:19:05]} {[%emt
00:07:56]} 11. Kg1 {[%clk 01:31:27]} {[%emt 00:00:23]} b4 {[%clk 01:18:20]}
{[%emt 00:01:16]} 12. Nd5 {[%clk 01:31:09]} {[%emt 00:00:47]} d6 {[%clk
01:17:18]} {[%emt 00:01:30]} 13. h3 {[%clk 01:31:22]} {[%emt 00:00:18]} Nxd5
{[%clk 01:17:08]} {[%emt 00:00:41]} 14. hxg4 {[%clk 01:31:42]} {[%emt
00:00:10]} Nf6 {[%clk 01:09:39]} {[%emt 00:07:58]} 15. Bg5 {[%clk 01:12:07]}
{[%emt 00:20:06]} O-O {[%clk 01:04:21]} {[%emt 00:05:48]} 16. Qd3 {[%clk
01:05:13]} {[%emt 00:07:20]} h6 {[%clk 00:48:05]} {[%emt 00:16:49]} 17. Rf1
{[%clk 00:59:35]} {[%emt 00:06:08]} Be6 {[%clk 00:21:27]} {[%emt 00:27:09]} 18.
Bxf6 {[%clk 00:58:34]} {[%emt 00:01:31]} gxf6 {[%clk 00:20:22]} {[%emt
00:01:35]} 19. Qh3 {[%clk 00:57:07]} {[%emt 00:01:54]} 1-0

[Event "ODJM A 2024"]
[Site "Willingen GER"]
[Date "2024.05.23"]
[Round "7"]
[White "Meiwes, Thore"]
[Black "Sabirov, Rafael"]
[Result "1/2-1/2"]
[Termination "normal"]
[Board "4"]
[WhiteElo "2050"]
[BlackElo "2169"]
[WhiteClock "00:25:39"]
[BlackClock "00:15:45"]
[PlyCount "48"]
[WhiteFideId "16201256"]
[BlackFideId "16241185"]
[EventCountry "GER"]
[EventRounds "9"]
[EventType "swiss"]
[EventDate "2024.05.18"]

1. d4 {[%clk 01:30:59]} {[%emt 00:00:01]} d5 {[%clk 01:30:56]} {[%emt
00:00:06]} 2. Nf3 {[%clk 01:31:24]} {[%emt 00:00:11]} Nf6 {[%clk 01:31:21]}
{[%emt 00:00:07]} 3. Bf4 {[%clk 01:31:49]} {[%emt 00:00:14]} c5 {[%clk
01:31:18]} {[%emt 00:00:29]} 4. c3 {[%clk 01:32:14]} {[%emt 00:00:03]} e6
{[%clk 01:31:02]} {[%emt 00:00:32]} 5. e3 {[%clk 01:32:24]} {[%emt 00:00:20]}
Bd6 {[%clk 01:31:15]} {[%emt 00:00:17]} 6. Nbd2 {[%clk 01:26:40]} {[%emt
00:06:15]} O-O {[%clk 01:28:39]} {[%emt 00:03:05]} 7. Bd3 {[%clk 01:26:27]}
{[%emt 00:00:44]} Bxf4 {[%clk 01:28:57]} {[%emt 00:00:12]} 8. exf4 {[%clk
01:26:47]} {[%emt 00:00:10]} cxd4 {[%clk 01:29:18]} {[%emt 00:00:09]} 9. Nxd4
{[%clk 01:25:55]} {[%emt 00:01:22]} Qb6 {[%clk 01:20:57]} {[%emt 00:08:50]} 10.
Rb1 {[%clk 01:25:01]} {[%emt 00:01:25]} Nbd7 {[%clk 01:14:06]} {[%emt
00:07:21]} 11. N2f3 {[%clk 01:23:51]} {[%emt 00:01:39]} Nc5 {[%clk 01:12:55]}
{[%emt 00:01:41]} 12. O-O {[%clk 01:21:07]} {[%emt 00:03:14]} Nxd3 {[%clk
01:00:35]} {[%emt 00:12:51]} 13. Qxd3 {[%clk 01:21:35]} {[%emt 00:00:02]} Qc7
{[%clk 00:59:34]} {[%emt 00:01:31]} 14. g3 {[%clk 01:16:35]} {[%emt 00:05:29]}
a5 {[%clk 00:53:59]} {[%emt 00:06:05]} 15. Rfe1 {[%clk 01:15:08]} {[%emt
00:01:57]} g6 {[%clk 00:36:37]} {[%emt 00:17:52]} 16. Qe3 {[%clk 01:03:50]}
{[%emt 00:11:48]} Bd7 {[%clk 00:34:18]} {[%emt 00:02:49]} 17. Ne5 {[%clk
00:58:51]} {[%emt 00:05:29]} b5 {[%clk 00:32:03]} {[%emt 00:02:46]} 18. Rbc1
{[%clk 00:41:48]} {[%emt 00:17:32]} Qb7 {[%clk 00:31:04]} {[%emt 00:01:29]} 19.
Nb3 {[%clk 00:41:27]} {[%emt 00:00:51]} Qa7 {[%clk 00:24:55]} {[%emt 00:06:39]}
20. Nc5 {[%clk 00:38:41]} {[%emt 00:03:15]} Rfc8 {[%clk 00:23:17]} {[%emt
00:02:09]} 21. Ned3 {[%clk 00:38:34]} {[%emt 00:00:37]} Rc7 {[%clk 00:19:23]}
{[%emt 00:04:24]} 22. a3 {[%clk 00:37:39]} {[%emt 00:01:26]} a4 {[%clk
00:17:51]} {[%emt 00:02:02]} 23. Nxd7 {[%clk 00:26:40]} {[%emt 00:11:28]} Nxd7
{[%clk 00:17:05]} {[%emt 00:01:17]} 24. Rcd1 {[%clk 00:25:39]} {[%emt
00:01:31]} Qxe3 {[%clk 00:15:45]} {[%emt 00:01:49]} 1/2-1/2

[Event "ODJM A 2024"]
[Site "Willingen GER"]
[Date "2024.05.23"]
[Round "7"]
[White "Kamp, Aaron"]
[Black "Hofmann, Lorenz"]
[Result "1-0"]
[Termination "normal"]
[Board "5"]
[WhiteElo "1996"]
[BlackElo "2124"]
[WhiteClock "00:24:10"]
[BlackClock "00:14:51"]
[PlyCount "51"]
[WhiteFideId "16231120"]
[BlackFideId "12995509"]
[EventCountry "GER"]
[EventRounds "9"]
[EventType "swiss"]
[EventDate "2024.05.18"]

1. e4 {[%clk 01:30:57]} {[%emt 00:00:02]} e5 {[%clk 01:30:58]} {[%emt
00:00:05]} 2. d4 {[%clk 01:31:22]} {[%emt 00:00:11]} exd4 {[%clk 01:31:25]}
{[%emt 00:00:04]} 3. Nf3 {[%clk 01:31:45]} {[%emt 00:00:15]} d5 {[%clk
01:22:23]} {[%emt 00:09:13]} 4. Qxd4 {[%clk 01:31:57]} {[%emt 00:00:17]} Qe7
{[%clk 01:10:26]} {[%emt 00:12:27]} 5. Nc3 {[%clk 01:28:00]} {[%emt 00:04:27]}
c6 {[%clk 01:07:47]} {[%emt 00:03:10]} 6. Bg5 {[%clk 01:23:34]} {[%emt
00:04:55]} f6 {[%clk 01:03:16]} {[%emt 00:05:02]} 7. Be3 {[%clk 01:14:05]}
{[%emt 00:09:58]} dxe4 {[%clk 01:01:55]} {[%emt 00:01:52]} 8. Nxe4 {[%clk
01:09:40]} {[%emt 00:04:55]} Bf5 {[%clk 00:51:48]} {[%emt 00:10:38]} 9. Bd3
{[%clk 01:07:37]} {[%emt 00:02:32]} Bxe4 {[%clk 00:51:18]} {[%emt 00:01:01]}
10. Bxe4 {[%clk 01:07:33]} {[%emt 00:00:33]} Qb4+ {[%clk 00:40:31]} {[%emt
00:11:17]} 11. c3 {[%clk 01:03:35]} {[%emt 00:04:27]} Qxd4 {[%clk 00:40:57]}
{[%emt 00:00:05]} 12. Nxd4 {[%clk 01:03:51]} {[%emt 00:00:13]} g6 {[%clk
00:34:15]} {[%emt 00:07:13]} 13. Ne6 {[%clk 00:56:47]} {[%emt 00:07:33]} Bd6
{[%clk 00:34:07]} {[%emt 00:00:38]} 14. O-O-O {[%clk 00:55:26]} {[%emt
00:01:51]} Ke7 {[%clk 00:34:28]} {[%emt 00:00:09]} 15. Nd8 {[%clk 00:50:11]}
{[%emt 00:05:45]} Kxd8 {[%clk 00:24:18]} {[%emt 00:10:41]} 16. Rxd6+ {[%clk
00:50:21]} {[%emt 00:00:19]} Kc8 {[%clk 00:19:55]} {[%emt 00:04:54]} 17. Rhd1
{[%clk 00:48:22]} {[%emt 00:02:28]} Ne7 {[%clk 00:20:21]} {[%emt 00:00:05]} 18.
Rxf6 {[%clk 00:47:10]} {[%emt 00:01:41]} Na6 {[%clk 00:16:38]} {[%emt
00:04:14]} 19. Rf7 {[%clk 00:46:27]} {[%emt 00:01:12]} Re8 {[%clk 00:16:57]}
{[%emt 00:00:12]} 20. Bg5 {[%clk 00:42:43]} {[%emt 00:04:12]} Nf5 {[%clk
00:15:34]} {[%emt 00:01:54]} 21. g4 {[%clk 00:32:04]} {[%emt 00:11:09]} Nc5
{[%clk 00:15:08]} {[%emt 00:00:57]} 22. gxf5 {[%clk 00:32:07]} {[%emt
00:00:26]} Nxe4 {[%clk 00:15:32]} {[%emt 00:00:06]} 23. Bf4 {[%clk 00:32:07]}
{[%emt 00:00:29]} a5 {[%clk 00:15:10]} {[%emt 00:00:53]} 24. Rdd7 {[%clk
00:23:46]} {[%emt 00:08:50]} Nc5 {[%clk 00:15:09]} {[%emt 00:00:32]} 25. Rc7+
{[%clk 00:23:57]} {[%emt 00:00:19]} Kd8 {[%clk 00:14:51]} {[%emt 00:00:49]} 26.
Bg5+ {[%clk 00:24:10]} {[%emt 00:00:16]} 1-0